| 000 | 01984nam a22003975a 4500 | ||
|---|---|---|---|
| 003 | OSt | ||
| 005 | 20161120144632.0 | ||
| 008 | 161120s2005 ua frb 000 0 ara d | ||
| 015 | _a2004/22198 | ||
| 020 | _a9772416247 | ||
| 040 |
_aEG-ScBUE _bara _cEG-ScBUE |
||
| 082 | 0 | 4 |
_a344.046 _bهـ ل ا _222 |
| 100 | 1 | _aهلال، أشرف. | |
| 245 | 1 | 0 |
_aجرائم البيئة بين النظرية والتطبيق / _cتأليف أشرف هلال. |
| 250 | _aط. 1. | ||
| 260 |
_aالقاهرة : _bدار النهضة العربية، _c2005. |
||
| 300 |
_a336 ص. ؛ _c24 سم. |
||
| 504 | _aببليوجرافيا : ص. 313-323. | ||
| 650 | 7 |
_aحماية البيئة _xقوانين وتشريعات _zمصر. _2BUEsh |
|
| 650 | 7 |
_aحماية البيئة _xقوانين وتشريعات _zإيطاليا. _2BUEsh |
|
| 650 | 7 |
_aحماية البيئة _xقوانين وتشريعات _zالولايات المتحدة. _2BUEsh |
|
| 650 | 7 |
_aحماية البيئة _xقوانين وتشريعات _zفرنسا. _2BUEsh |
|
| 650 | 7 |
_aحماية البيئة _xقوانين وتشريعات _zالكويت. _2BUEsh |
|
| 650 | 7 |
_aحماية البيئة _xقوانين وتشريعات _zتونس. _2BUEsh |
|
| 650 | 7 |
_aتلوث البيئة _xقوانين وتشريعات _zمصر. _2BUEsh |
|
| 650 | 7 |
_aتلوث البيئة _xقوانين وتشريعات _zإيطاليا. _2BUEsh |
|
| 650 | 7 |
_aتلوث البيئة _xقوانين وتشريعات _zفرنسا. _2BUEsh |
|
| 650 | 7 |
_aتلوث البيئة _xقوانين وتشريعات _zالولايات المتحدة الأمريكية. _2BUEsh |
|
| 650 |
_aتلوث البيئة _xقوانين وتشريعات _zالكويت. _2BUEsh |
||
| 650 |
_aتلوث البيئة _xقوانين وتشريعات _zتونس. _2BUEsh |
||
| 650 | 7 |
_aحماية البيئة (قانون دولي) _2BUEsh |
|
| 650 | 7 |
_aتلوث البيئة (قانون دولي) _2BUEsh |
|
| 651 | _2BUEsh | ||
| 653 |
_bLLAAWW _cNovember2016 |
||
| 942 | _2ddc | ||
| 999 |
_c23211 _d23183 |
||